[Event "Ifjusagi csapatbajnoksag"]
[Site "Budapest"]
[Date "2015.08.27"]
[Round "3.2"]
[White "Dragnev, Valentin"]
[Black "Berta, Sandor"]
[Result "1-0"]
[WhiteElo "2339"]
[BlackElo "2121"]
[PlyCount "103"]
[EventDate "2015.??.??"]

1. e4 c5 2. Nf3 Nc6 3. d4 cxd4 4. Nxd4 Nf6 5. Nc3 e5 6. Ndb5 d6 7. Nd5 Nxd5 8.
exd5 Ne7 9. c4 Nf5 10. Bd3 Be7 11. O-O a6 12. Nc3 O-O 13. f4 g6 14. Kh1 Ng7 15.
Be3 f5 16. b4 exf4 17. Bxf4 Bf6 18. Rc1 Nh5 19. Bd2 Be5 20. Qe1 Bd7 21. Ne2 Qf6
22. Nf4 Ng7 23. c5 g5 24. c6 Bc8 25. Nh3 f4 26. Nf2 bxc6 27. dxc6 d5 28. Qe2 h5
29. Bb1 Bd4 30. Qf3 g4 31. Qxd5+ Be6 32. Qe4 Bf5 33. Qe2 Rae8 34. Qc4+ Be6 35.
Ne4 Qe5 36. Qd3 Bd5 37. Bc3 Nf5 38. Bxd4 Qxd4 39. Qxd4 Nxd4 40. c7 Nb5 41. Nf6+
Rxf6 42. c8=Q Rxc8 43. Rxc8+ Kg7 44. Rc5 Bf7 45. Rf5 Rxf5 46. Bxf5 Bxa2 47.
Rxf4 Nc7 48. Bd3 Be6 49. Rd4 Nb5 50. Bxb5 axb5 51. Rd6 Bc4 52. Kg1 1-0

[Event "Ifjusagi csapatbajnoksag"]
[Site "Budapest"]
[Date "2015.08.27"]
[Round "3.3"]
[White "Laza, Szabolcs"]
[Black "Juhasz, Armin"]
[Result "0-1"]
[WhiteElo "2150"]
[BlackElo "2315"]
[PlyCount "42"]
[EventDate "2015.??.??"]

1. d4 d6 2. c4 Nf6 3. Nc3 Nbd7 4. e4 e5 5. Nf3 g6 6. Be2 Bg7 7. O-O O-O 8. Re1
c6 9. h3 exd4 10. Qxd4 Nd5 11. Qd3 Nxc3 12. bxc3 Nc5 13. Qc2 Re8 14. Bd3 Qa5
15. Bd2 Bd7 16. Rab1 f5 17. Rbd1 fxe4 18. Bxe4 Rxe4 19. Rxe4 Bf5 20. Rde1 Nxe4
21. Rxe4 d5 0-1

[Event "Ifjusagi csapatbajnoksag"]
[Site "Budapest"]
[Date "2015.08.27"]
[Round "3.4"]
[White "Orosz, Andras"]
[Black "Marosi, Levente"]
[Result "1-0"]
[WhiteElo "2281"]
[BlackElo "2212"]
[PlyCount "143"]
[EventDate "2015.??.??"]

1. d4 Nf6 2. Nf3 g6 3. g3 Bg7 4. Bg2 O-O 5. O-O d6 6. c4 Nbd7 7. Nc3 e5 8. e3
Re8 9. b3 c6 10. Bb2 Qc7 11. Rc1 exd4 12. Nxd4 Nc5 13. Qc2 Bd7 14. b4 Ne6 15.
Nb3 Ng5 16. e4 h5 17. f4 Ngh7 18. Rce1 Qb6+ 19. c5 Qxb4 20. cxd6 Ng4 21. Qd2 a5
22. h3 Nh6 23. e5 Nf5 24. Ne4 Qxd2 25. Nbxd2 Be6 26. a3 Nf8 27. Nf3 Nd7 28. Nd4
Nxd4 29. Bxd4 Rec8 30. Rc1 Rab8 31. Nc5 Bf5 32. Rfe1 Kf8 33. Nxd7+ Bxd7 34. Bb6
Ra8 35. Kh2 Ke8 36. Bf1 Be6 37. Rb1 Bd5 38. a4 Kd7 39. Bc5 Rcb8 40. g4 hxg4 41.
hxg4 Be6 42. g5 Rh8+ 43. Kg3 Kc8 44. Rb2 Bf5 45. Bg2 Rh5 46. Rb6 Rb8 47. Re2
Bd3 48. Rd2 Bf5 49. Bd4 Bh8 50. Rdb2 Bd7 51. Bc3 Bg7 52. Bd4 Bh8 53. Bf1 Rh1
54. Kg2 Rh4 55. Be3 Rh3 56. Kf2 Rh2+ 57. Bg2 Bh3 58. Kg3 Rxg2+ 59. Rxg2 Bxg2
60. Kxg2 Kd7 61. Kf3 Bg7 62. Ke4 Ke6 63. Bd2 Bh8 64. Bxa5 Bg7 65. Bc3 Ra8 66.
a5 Ra7 67. Bd4 Rxa5 68. Rxb7 Bf8 69. Rb8 c5 70. Rxf8 cxd4 71. Re8+ Kd7 72. Re7+
1-0

[Event "Ifjusagi csapatbajnoksag"]
[Site "Budapest"]
[Date "2015.08.27"]
[Round "3.5"]
[White "Terbe, Zsuzsanna"]
[Black "Haszon, Kamilla Sara"]
[Result "1-0"]
[WhiteElo "2103"]
[BlackElo "2000"]
[PlyCount "85"]
[EventDate "2015.??.??"]

1. e4 c5 2. Nf3 d6 3. d4 cxd4 4. Nxd4 Nf6 5. f3 a6 6. c4 Nc6 7. Nc3 g6 8. Be3
Bg7 9. Qd2 Nxd4 10. Bxd4 O-O 11. Be2 Qa5 12. O-O Bd7 13. Rfd1 e5 14. Be3 Ne8
15. b4 Qd8 16. c5 Rc8 17. Nd5 Be6 18. Nb6 f5 19. Nxc8 Qxc8 20. cxd6 Qd7 21.
Rac1 Rf7 22. Bc4 Bxc4 23. Rxc4 Bf8 24. Bc5 Nf6 25. Bf2 Ne8 26. Rc5 Bg7 27. a4
b6 28. Rc3 Bf8 29. Bxb6 Bxd6 30. Rd3 Rf6 31. a5 fxe4 32. fxe4 Qb7 33. Qa2+ Kg7
34. Qd5 Qe7 35. Bc5 Re6 36. Bxd6 Nxd6 37. Qc5 Nxe4 38. Qxe7+ Rxe7 39. Re1 Nf6
40. Rd6 e4 41. Rxa6 Rb7 42. Rb6 Re7 43. a6 1-0

[Event "Ifjusagi csapatbajnoksag"]
[Site "Budapest"]
[Date "2015.08.27"]
[Round "3.7"]
[White "Ngo Tan, Don"]
[Black "Pribelszky, Bence"]
[Result "1-0"]
[WhiteElo "2309"]
[BlackElo "2176"]
[PlyCount "149"]
[EventDate "2015.??.??"]

1. d4 Nf6 2. c4 e6 3. Nc3 Bb4 4. Bg5 Nc6 5. Nf3 Bxc3+ 6. bxc3 d6 7. e4 e5 8. d5
Nb8 9. c5 O-O 10. cxd6 cxd6 11. Nd2 Nbd7 12. Bb5 h6 13. Bxd7 hxg5 14. Bb5 Qa5
15. Qb3 a6 16. Bd3 b5 17. O-O Bd7 18. Qb4 Qc7 19. Rfc1 a5 20. Qb2 Rab8 21. Rab1
Rfc8 22. Qa3 Qb6 23. Nc4 Rxc4 24. Bxc4 Nxe4 25. Qb2 Qc5 26. Bd3 Qxd5 27. Bxe4
Qxe4 28. Qd2 Bc6 29. Qxg5 Re8 30. Rb2 Re6 31. f3 Qd3 32. Rd2 Qc4 33. Qe3 d5 34.
Re1 b4 35. cxb4 axb4 36. Qe2 Qc5+ 37. Qf2 d4 38. Rc2 Qb5 39. Rec1 Bd5 40. Rc5
Qb7 41. Rc7 Qa6 42. Qh4 Re8 43. Qe1 Bxa2 44. Qxb4 Qe6 45. R7c6 Qb3 46. Qd2 Qd5
47. Rc8 Rxc8 48. Rxc8+ Kh7 49. Qg5 Qd6 50. Qh5+ Qh6 51. Qxe5 Be6 52. Rc2 d3 53.
Qe4+ Qg6 54. Qxg6+ Kxg6 55. Rc3 Bf5 56. g4 Be6 57. Rxd3 Kg5 58. Kg2 Kf4 59.
Rd4+ Ke5 60. Re4+ Kf6 61. Kg3 g6 62. h4 Kg7 63. Rb4 Kf6 64. Kf4 Kg7 65. Rb7 Kh6
66. Re7 Ba2 67. Ke5 Kg7 68. f4 Bb3 69. f5 gxf5 70. Kxf5 Bc2+ 71. Kg5 Bd1 72. h5
Kf8 73. h6 Bc2 74. Kf6 Bg6 75. Rxf7+ 1-0

[Event "Ifjusagi csapatbajnoksag"]
[Site "Budapest"]
[Date "2015.08.27"]
[Round "3.8"]
[White "Kassay, Krisztian"]
[Black "Grimm, Gyorgy"]
[Result "1/2-1/2"]
[WhiteElo "2153"]
[BlackElo "2181"]
[PlyCount "41"]
[EventDate "2015.??.??"]

1. e4 d5 2. exd5 Qxd5 3. Nc3 Qd6 4. d4 Nf6 5. Bc4 c6 6. Nge2 Bf5 7. Bf4 Qd8 8.
Ng3 Bg6 9. h4 h5 10. Qd2 e6 11. Bg5 Be7 12. O-O-O Nbd7 13. f4 Nb6 14. Be2 Qc7
15. Bd3 Bxd3 16. Qxd3 g6 17. Kb1 O-O-O 18. Nce4 Ng4 19. Bxe7 Qxe7 20. Rhf1 Nd5
21. Rde1 1/2-1/2

[Event "Ifjusagi csapatbajnoksag"]
[Site "Budapest"]
[Date "2015.08.27"]
[Round "3.9"]
[White "Medve, Mark"]
[Black "Vanczak, Tamas"]
[Result "1-0"]
[WhiteElo "2088"]
[BlackElo "2071"]
[PlyCount "69"]
[EventDate "2015.??.??"]

1. d4 Nf6 2. c4 e6 3. Nc3 Bb4 4. e3 Nc6 5. Bd3 Bxc3+ 6. bxc3 d6 7. Ne2 e5 8. e4
h6 9. f4 exf4 10. Nxf4 O-O 11. O-O Bg4 12. Qe1 Qe8 13. Qg3 h5 14. h3 Bd7 15.
Nd5 Nxd5 16. Bh6 Bg4 17. exd5 Ne7 18. hxg4 gxh6 19. gxh5+ Kh8 20. Qf4 f5 21.
Qxh6+ Kg8 22. Qg5+ Kh8 23. Rae1 Rf7 24. Bxf5 Qf8 25. Be6 Qg7 26. Qxg7+ Rxg7 27.
g4 b6 28. Rf6 Ng8 29. Rf4 Nh6 30. Ref1 Kh7 31. Kh2 Re8 32. Kh3 Ng8 33. Kh4 Kh6
34. g5+ Kh7 35. h6 1-0

[Event "Ifjusagi csapatbajnoksag"]
[Site "Budapest"]
[Date "2015.08.27"]
[Round "3.10"]
[White "Kassay, Lilla"]
[Black "Wanger, Tamas"]
[Result "1/2-1/2"]
[WhiteElo "2017"]
[BlackElo "2049"]
[PlyCount "71"]
[EventDate "2015.??.??"]

1. e4 e6 2. d4 d5 3. e5 c5 4. c3 Nc6 5. Nf3 Nh6 6. a3 Nf5 7. b4 cxd4 8. cxd4 a6
9. Be3 f6 10. exf6 Qxf6 11. Bd3 Bd6 12. Nc3 O-O 13. Bb1 Nxe3 14. fxe3 Qh6 15.
Qd3 Bg3+ 16. Kd2 Bd6 17. Bc2 Bd7 18. Raf1 Rac8 19. Rb1 Be8 20. Rhf1 Bg6 21. Qe2
Bh5 22. Qd3 Bxf3 23. gxf3 Qxh2+ 24. Ne2 Qh5 25. Rh1 Qf5 26. Qxf5 exf5 27. Bb3
Ne7 28. Nc3 f4 29. e4 Kh8 30. Nxd5 Nc6 31. Kd3 Bb8 32. Nb6 Rcd8 33. d5 Ne5+ 34.
Ke2 Rf6 35. Nc4 Rg6 36. Rbg1 1/2-1/2

[Event "Ifjusagi csapatbajnoksag"]
[Site "Budapest"]
[Date "2015.08.27"]
[Round "3.11"]
[White "Egyed, Judit"]
[Black "Papp, Levente"]
[Result "0-1"]
[WhiteElo "1981"]
[BlackElo "1944"]
[PlyCount "122"]
[EventDate "2015.??.??"]

1. e4 e6 2. d4 d5 3. Nc3 Bb4 4. e5 Ne7 5. Nf3 b6 6. a3 Bxc3+ 7. bxc3 Ba6 8.
Bxa6 Nxa6 9. O-O c5 10. Be3 Rc8 11. Qe2 Nb8 12. Rfc1 Qc7 13. Nh4 Ng6 14. Qg4
cxd4 15. cxd4 Qc3 16. h3 Rc4 17. Nf3 Ra4 18. Bd2 Qc4 19. c3 Qa6 20. Ng5 b5 21.
Rcb1 h6 22. Nf3 Qc6 23. Ne1 Rh7 24. Nd3 Nd7 25. Qd1 Nb6 26. Nc5 Rc4 27. Qb3
Nxe5 28. Qxb5 Qxb5 29. Rxb5 Ned7 30. Nxd7 Kxd7 31. Rb4 Rh8 32. Rxc4 Nxc4 33.
Bf4 Kc6 34. a4 a6 35. Kf1 Ra8 36. Ke2 Ra7 37. Bc1 Rb7 38. Kd3 h5 39. g4 hxg4
40. hxg4 Rb8 41. g5 g6 42. Ke2 Rh8 43. Rb1 Nb6 44. Ra1 Rh3 45. Ra3 Rh1 46. Bd2
Rb1 47. Ra2 Nc4 48. Kd3 Rb2 49. Rxb2 Nxb2+ 50. Kc2 Nxa4 51. Kb3 Nb6 52. Bc1 a5
53. Ba3 Kb5 54. Be7 Nc4 55. f4 Nd2+ 56. Kc2 Ne4 57. Kb3 a4+ 58. Kb2 Kc4 59. Bb4
Kd3 60. Ba5 a3+ 61. Kxa3 Nxc3 0-1

[Event "Ifjusagi csapatbajnoksag"]
[Site "Budapest"]
[Date "2015.08.27"]
[Round "3.13"]
[White "Markoja, Boris"]
[Black "Egri, Laszlo Jr"]
[Result "1-0"]
[WhiteElo "2310"]
[BlackElo "2157"]
[PlyCount "105"]
[EventDate "2015.??.??"]

1. c4 c5 2. Nf3 g6 3. d4 cxd4 4. Nxd4 Nc6 5. e4 Bg7 6. Nc2 Nf6 7. Nc3 d6 8. Be2
Nd7 9. Bd2 a5 10. Na3 Nc5 11. Nab5 O-O 12. O-O Bd7 13. Be3 Nb4 14. Qd2 Bc6 15.
f3 a4 16. Rfd1 Re8 17. Na3 Qa5 18. Ncb5 Rec8 19. Bg5 Re8 20. Be3 Rec8 21. Bf1
Bd7 22. Qf2 Be6 23. Nc3 Nc6 24. Nd5 Bxd5 25. exd5 Nb4 26. h4 Bf6 27. h5 Kg7 28.
Qd2 Qb6 29. Nb5 Nba6 30. Rab1 Nc7 31. Nd4 Qa5 32. Qf2 N7a6 33. g4 Kg8 34. Qg2
Nb4 35. a3 Nba6 36. f4 Nb3 37. Nf3 Nac5 38. g5 Bg7 39. Nh4 e6 40. hxg6 hxg6 41.
dxe6 Nxe6 42. Rd5 Qc7 43. f5 gxf5 44. Nxf5 Ra5 45. g6 fxg6 46. Qxg6 Nf8 47. Qg2
Re8 48. Bd3 Rxd5 49. Qxd5+ Re6 50. Rf1 Kh8 51. Rf3 Qf7 52. Rh3+ Nh7 53. Ng3 1-0

[Event "Ifjusagi csapatbajnoksag"]
[Site "Budapest"]
[Date "2015.08.27"]
[Round "3.14"]
[White "Ugroczky, Peter"]
[Black "Zsirai, Peter"]
[Result "0-1"]
[WhiteElo "2170"]
[BlackElo "2270"]
[PlyCount "120"]
[EventDate "2015.??.??"]

1. e4 d6 2. d4 Nf6 3. Nc3 c6 4. Nf3 Bg4 5. h3 Bh5 6. g4 Bg6 7. Qe2 e6 8. h4 h6
9. h5 Bh7 10. g5 hxg5 11. Nxg5 Bg8 12. Bg2 d5 13. exd5 cxd5 14. a3 Nc6 15. Be3
Rc8 16. f4 Be7 17. Bf3 Qb6 18. O-O-O Na5 19. Qb5+ Qxb5 20. Nxb5 a6 21. Nc3 Bxa3
22. Rde1 Rxc3 23. bxa3 Rxa3 24. Kb1 Nc4 25. Bc1 Ra4 26. c3 Kd7 27. Kc2 Ra2+ 28.
Kb3 Ra5 29. Be2 Rb5+ 30. Kc2 Ne8 31. Bg4 Ned6 32. Re2 Ra5 33. Kb3 Bh7 34. Nxh7
Rxh7 35. Rhe1 f5 36. Bf3 Ne4 37. Rg2 Rb5+ 38. Kc2 Ncd6 39. Reg1 Ne8 40. Kd3 Rb3
41. Bb2 Rb6 42. Bd1 Rc6 43. Ba4 b5 44. Bd1 N4f6 45. Rg5 Rc7 46. Bf3 Kc8 47. Re1
Ne4 48. Rg2 N8f6 49. Rh1 Kb7 50. Ba1 a5 51. Be2 Ka7 52. Rb1 Nd6 53. Ke3 Rb7 54.
Rh2 Ng4+ 55. Bxg4 fxg4 56. Rg1 g3 57. Ra2 Kb6 58. Kf3 Ne4 59. Kg4 Rf7 60. Bb2
Rf5 0-1

[Event "Ifjusagi csapatbajnoksag"]
[Site "Budapest"]
[Date "2015.08.27"]
[Round "3.15"]
[White "Krstulovic, Alex"]
[Black "Czupor, Attila"]
[Result "1-0"]
[WhiteElo "2119"]
[BlackElo "2125"]
[PlyCount "67"]
[EventDate "2015.??.??"]

1. d4 d5 2. c4 c6 3. Nc3 Nf6 4. cxd5 cxd5 5. Bf4 Nc6 6. e3 a6 7. Be2 h6 8. Rc1
Bf5 9. Nf3 e6 10. Qb3 Bd6 11. Bxd6 Qxd6 12. O-O O-O 13. Na4 b5 14. Nc5 Be4 15.
a4 Rfb8 16. axb5 axb5 17. Ra1 Bxf3 18. Bxf3 Na5 19. Qd3 Nd7 20. Nxd7 Qxd7 21.
Rfc1 Nc4 22. b3 Nd6 23. Rxa8 Rxa8 24. g3 b4 25. Rc5 Ra3 26. Qc2 g6 27. Rc7 Qb5
28. Be2 Qa5 29. Qc6 Ra1+ 30. Kg2 Qa2 31. Bb5 Qb1 32. Qxd6 Qe4+ 33. Kh3 h5 34.
Qf4 1-0

[Event "Ifjusagi csapatbajnoksag"]
[Site "Budapest"]
[Date "2015.08.27"]
[Round "3.16"]
[White "Varga, Melinda"]
[Black "Felde, Bence"]
[Result "1-0"]
[WhiteElo "2135"]
[BlackElo "1930"]
[PlyCount "51"]
[EventDate "2015.??.??"]

1. Nf3 Nf6 2. c4 e6 3. g3 b6 4. Bg2 Bb7 5. O-O Be7 6. d4 O-O 7. Nc3 Ne4 8. Qc2
Nxc3 9. Qxc3 f5 10. Rd1 Bf6 11. Qd2 d6 12. b3 Nd7 13. Bb2 Qe8 14. d5 e5 15. b4
Qh5 16. Qc2 Be7 17. Qb3 Kh8 18. Rac1 c5 19. dxc6 Bxc6 20. c5 bxc5 21. b5 Rab8
22. Qe6 Rf6 23. Qxe7 Re8 24. Qxe8+ Qxe8 25. bxc6 Nb6 26. c7 1-0

[Event "Ifjusagi csapatbajnoksag"]
[Site "Budapest"]
[Date "2015.08.27"]
[Round "3.17"]
[White "Varga, Richard"]
[Black "Szukics, Adam"]
[Result "1-0"]
[WhiteElo "1941"]
[BlackElo "2058"]
[PlyCount "91"]
[EventDate "2015.??.??"]

1. e4 e5 2. Nf3 Nc6 3. Bb5 a6 4. Ba4 Nf6 5. O-O b5 6. Bb3 Bc5 7. a4 Rb8 8. Re1
d6 9. h3 O-O 10. c3 Bb6 11. d4 Bb7 12. d5 Ne7 13. Nbd2 c6 14. dxc6 Bxc6 15. Bc2
Ng6 16. Nf1 Re8 17. Ng3 Nf4 18. Be3 Bxe3 19. Rxe3 Qc7 20. axb5 axb5 21. Qd2 d5
22. Rae1 dxe4 23. Nxe4 N6d5 24. g3 Nxe3 25. Qxe3 Ng6 26. h4 Qb6 27. Qg5 Bxe4
28. Bxe4 Qf6 29. Qg4 Rbd8 30. h5 Nf8 31. Re3 Nd7 32. Nh4 Nc5 33. Rf3 Qh6 34.
Nf5 Qc1+ 35. Kg2 g6 36. Bc6 e4 37. Rf4 Re6 38. hxg6 Rxg6 39. Ne7+ Kg7 40. Qf5
Rf8 41. Nxg6 hxg6 42. Qf6+ Kh7 43. Rh4+ Qh6 44. Rxh6+ Kxh6 45. Qe7 Ne6 46. Bd5
1-0

[Event "Ifjusagi csapatbajnoksag"]
[Site "Budapest"]
[Date "2015.08.27"]
[Round "3.19"]
[White "Farkas, Richard"]
[Black "Buzas, Bertalan"]
[Result "1/2-1/2"]
[WhiteElo "2267"]
[BlackElo "2041"]
[PlyCount "128"]
[EventDate "2015.??.??"]

1. c4 e6 2. Nf3 d5 3. g3 Nf6 4. Bg2 Be7 5. d4 O-O 6. O-O c6 7. Qc2 b6 8. b3
Nbd7 9. Rd1 Ba6 10. Nbd2 Rc8 11. e4 c5 12. exd5 exd5 13. Bb2 cxd4 14. Nxd4 b5
15. Rac1 bxc4 16. bxc4 Nb6 17. Qf5 Nxc4 18. Nxc4 Rxc4 19. Nc6 Qc7 20. Nxe7+
Qxe7 21. Bxf6 Qxf6 22. Qxf6 gxf6 23. Bxd5 Rxc1 24. Rxc1 Rc8 25. Rd1 Bc4 26. Rc1
Ba6 27. Rxc8+ Bxc8 28. a3 Kf8 29. f4 Ke7 30. Kf2 f5 31. Ke3 f6 32. Kd4 Kd6 33.
Bf7 h6 34. Kc4 Kc6 35. Be8+ Kd6 36. a4 Ke7 37. Bc6 Kd6 38. Kb5 Be6 39. Be8 Bc8
40. a5 Bb7 41. Bh5 Ke7 42. Kc5 Kd7 43. Bg6 Ke6 44. Be8 Be4 45. Bg6 Bf3 46. Kb5
Bb7 47. Bh7 Bc8 48. Bg8+ Kd6 49. Bb3 Bb7 50. Bd1 Bc8 51. Bf3 Kc7 52. Kc5 Bd7
53. Bh5 Be6 54. Bg6 Kd7 55. Bh5 Kc7 56. Bf3 Bc8 57. Bd5 Kd7 58. Bc6+ Ke6 59.
Ba4 Bb7 60. Bb5 Bc8 61. Bd3 Bb7 62. Kb5 Be4 63. Bc4+ Kd6 64. Bf7 Bd3+ 1/2-1/2

[Event "Ifjusagi csapatbajnoksag"]
[Site "Budapest"]
[Date "2015.08.27"]
[Round "3.20"]
[White "Acs, Marton"]
[Black "Marjanovics, Annamaria"]
[Result "1/2-1/2"]
[WhiteElo "2006"]
[BlackElo "2234"]
[PlyCount "55"]
[EventDate "2015.??.??"]

1. d4 f5 2. Nf3 Nf6 3. g3 g6 4. Bg2 Bg7 5. O-O O-O 6. c4 d6 7. b3 e6 8. Bb2 Qe7
9. Nc3 Nbd7 10. a4 h6 11. a5 a6 12. Qc2 g5 13. e4 f4 14. e5 Ne8 15. exd6 cxd6
16. Rfe1 Ndf6 17. Ba3 Qc7 18. c5 Bd7 19. Qd3 Rd8 20. cxd6 Nxd6 21. Rac1 Qb8 22.
Ne5 Bc8 23. Nc4 Nfe8 24. d5 Nxc4 25. bxc4 Rf7 26. Be4 fxg3 27. hxg3 Be5 28. Bg6
1/2-1/2

[Event "Ifjusagi csapatbajnoksag"]
[Site "Budapest"]
[Date "2015.08.27"]
[Round "3.21"]
[White "Urhegyi, Marton"]
[Black "Szabo, Benjamin"]
[Result "1-0"]
[WhiteElo "2156"]
[BlackElo "2005"]
[PlyCount "75"]
[EventDate "2015.??.??"]

1. e4 e5 2. Nf3 Nc6 3. Bb5 Nge7 4. O-O g6 5. d3 Bg7 6. Nc3 h6 7. Be3 O-O 8. d4
d6 9. dxe5 dxe5 10. Bc5 Bg4 11. Bxc6 Nxc6 12. Bxf8 Bxf8 13. Qxd8 Rxd8 14. Nd5
Bxf3 15. gxf3 Bd6 16. c3 Kg7 17. Rad1 Rc8 18. Rd3 Nd8 19. Ne3 b5 20. Rd5 Rb8
21. c4 Ne6 22. Rxb5 Rxb5 23. cxb5 Nd4 24. Kg2 Nxb5 25. Nc4 Kf6 26. Nxd6 cxd6
27. Rc1 Ke6 28. Rc6 Kd7 29. Ra6 f5 30. a4 Nc7 31. Rxa7 Kc6 32. a5 Ne6 33. Ra6+
Kc7 34. b4 Nd4 35. Ra7+ Kc6 36. Rh7 Kb5 37. Rb7+ Kc6 38. a6 {Kd5} 1-0

[Event "Ifjusagi csapatbajnoksag"]
[Site "Budapest"]
[Date "2015.08.27"]
[Round "3.22"]
[White "Arvai, Eszter"]
[Black "Polyik, Peter"]
[Result "1/2-1/2"]
[WhiteElo "2027"]
[BlackElo "2178"]
[PlyCount "58"]
[EventDate "2015.??.??"]

1. e4 c5 2. Nf3 d6 3. d4 cxd4 4. Nxd4 Nf6 5. Nc3 Nc6 6. Nde2 g6 7. g3 Bg7 8.
Bg2 Bd7 9. O-O O-O 10. a4 Ng4 11. Nd5 f5 12. c3 Kh8 13. Nd4 fxe4 14. Bxe4 e6
15. Nf4 Nxd4 16. cxd4 e5 17. dxe5 dxe5 18. Nd3 Bf5 19. Bxf5 gxf5 20. h3 e4 21.
Nf4 Qxd1 22. Rxd1 Ne5 23. Ne6 Rfe8 24. Nxg7 Kxg7 25. Be3 Nd3 26. Ra3 b6 27. a5
b5 28. Rc3 a6 29. Bd4+ Kf7 1/2-1/2

[Event "Ifjusagi csapatbajnoksag"]
[Site "Budapest"]
[Date "2015.08.27"]
[Round "3.23"]
[White "Kiss, Peter"]
[Black "Erseki, Tamara"]
[Result "1-0"]
[WhiteElo "1966"]
[BlackElo "1883"]
[PlyCount "57"]
[EventDate "2015.??.??"]

1. e4 c5 2. g3 d6 3. Bg2 g6 4. c3 Bg7 5. Ne2 Nc6 6. d4 cxd4 7. cxd4 Nf6 8. Nbc3
O-O 9. O-O Bg4 10. f3 Bd7 11. Be3 a6 12. Rc1 Rc8 13. Qd2 Bh8 14. h3 b5 15. f4
b4 16. Nd5 a5 17. Nxf6+ Bxf6 18. e5 Bg7 19. exd6 exd6 20. f5 Na7 21. fxg6 hxg6
22. Bg5 Qb6 23. Rxc8 Rxc8 24. Bd5 Be8 25. Qf4 Qc7 26. Bf6 Nb5 27. Bxg7 Kxg7 28.
Qf6+ Kh7 29. Rf4 1-0

[Event "Ifjusagi csapatbajnoksag"]
[Site "Budapest"]
[Date "2015.08.27"]
[Round "3.25"]
[White "Csati, Oliver"]
[Black "Antal, Tibor Kende"]
[Result "0-1"]
[WhiteElo "2189"]
[BlackElo "2351"]
[PlyCount "40"]
[EventDate "2015.??.??"]

1. e4 c5 2. Nf3 d6 3. d4 cxd4 4. Nxd4 Nf6 5. Nc3 a6 6. g3 e5 7. Nde2 b5 8. Bg2
Bb7 9. O-O Nbd7 10. Nd5 Nxd5 11. exd5 Be7 12. a4 O-O 13. axb5 axb5 14. Rxa8
Qxa8 15. b4 Rc8 16. Qd3 Rc4 17. Bd2 e4 18. Bxe4 Ne5 19. Bxh7+ Kh8 20. Qf5 Bc8
0-1

[Event "Ifjusagi csapatbajnoksag"]
[Site "Budapest"]
[Date "2015.08.27"]
[Round "3.26"]
[White "Kaczur, Florian"]
[Black "Gorcsi, Gabor"]
[Result "1-0"]
[WhiteElo "2345"]
[BlackElo "2192"]
[PlyCount "73"]
[EventDate "2015.??.??"]

1. e4 c5 2. Nf3 d6 3. Bb5+ Bd7 4. Qe2 Bxb5 5. Qxb5+ Qd7 6. Qe2 Nc6 7. O-O g6 8.
c3 Bg7 9. Rd1 Rc8 10. d4 cxd4 11. cxd4 Nxd4 12. Nxd4 Bxd4 13. Na3 Bg7 14. Be3
Qa4 15. Rac1 Rxc1 16. Rxc1 Nf6 17. b3 Qd7 18. Nb5 O-O 19. Rc7 Qe6 20. f3 a6 21.
Nd4 Qe5 22. Rxb7 d5 23. Nc6 Qa1+ 24. Qf1 Qxa2 25. Nxe7+ Kh8 26. Nxd5 Nxd5 27.
exd5 Qa5 28. Qd1 Qc3 29. Bf2 Rd8 30. g4 Kg8 31. d6 Be5 32. Qd5 Qc1+ 33. Kg2 Qf4
34. Bg3 Rxd6 35. Qxd6 Bxd6 36. Bxf4 Bxf4 37. Ra7 1-0

[Event "Ifjusagi csapatbajnoksag"]
[Site "Budapest"]
[Date "2015.08.27"]
[Round "3.27"]
[White "Csuta, Akos Koppany"]
[Black "Dankhazi, Andras"]
[Result "1/2-1/2"]
[WhiteElo "2008"]
[BlackElo "2232"]
[PlyCount "38"]
[EventDate "2015.??.??"]

1. e4 c5 2. Nf3 d6 3. c3 Nf6 4. Bd3 Nc6 5. O-O g6 6. h3 Bg7 7. Bc2 O-O 8. Re1
b5 9. d4 cxd4 10. cxd4 Nb4 11. Bb3 d5 12. e5 Ne4 13. Bd2 Nd3 14. Ba5 Qxa5 15.
Qxd3 Bb7 16. Nbd2 Bh6 17. Nf1 b4 18. Ne3 Ba6 19. Qb1 e6 1/2-1/2

[Event "Ifjusagi csapatbajnoksag"]
[Site "Budapest"]
[Date "2015.08.27"]
[Round "3.28"]
[White "Benedeczky, Lehel"]
[Black "Kovacs, Judit"]
[Result "1-0"]
[WhiteElo "2111"]
[BlackElo "1910"]
[PlyCount "105"]
[EventDate "2015.??.??"]

1. d4 d5 2. c4 c6 3. e3 Nf6 4. Nf3 Bf5 5. Nc3 e6 6. Qb3 Qc7 7. Bd2 Nbd7 8. Rc1
Qb6 9. c5 Qc7 10. Nh4 Bg6 11. f4 Ne4 12. Nxg6 Nxd2 13. Kxd2 hxg6 14. Bd3 f5 15.
h3 Kf7 16. Qc2 Be7 17. b4 a5 18. b5 Bf6 19. b6 Qb8 20. Ne2 Qd8 21. Rcf1 Be7 22.
Nc1 Nf6 23. Ne2 Ne4+ 24. Bxe4 dxe4 25. Qc4 Qd5 26. Qxd5 exd5 27. g3 Ke6 28. h4
Bf6 29. Rc1 Be7 30. Rhg1 Rhg8 31. Rc3 Ra6 32. Rb1 Rga8 33. Ra3 Bd8 34. Ra4 Kd7
35. Rb3 Be7 36. Nc1 Bf8 37. Rba3 Be7 38. Nb3 Kc8 39. Rxa5 Rxa5 40. Rxa5 Kb8 41.
Rxa8+ Kxa8 42. Na1 Bd8 43. Nc2 Be7 44. Nb4 Bf6 45. Kc3 Be7 46. a3 Bd8 47. a4
Be7 48. a5 Bd8 49. a6 Be7 50. Kb3 Bf6 51. Ka4 Be7 52. Ka5 Bf6 53. a7 1-0

[Event "Ifjusagi csapatbajnoksag"]
[Site "Budapest"]
[Date "2015.08.27"]
[Round "3.29"]
[White "Fekete, Agnes"]
[Black "Gal, Hanna Krisztina"]
[Result "1/2-1/2"]
[WhiteElo "1795"]
[BlackElo "2084"]
[PlyCount "86"]
[EventDate "2015.??.??"]

1. d4 Nf6 2. Bg5 d5 3. Bxf6 exf6 4. Nf3 Bd6 5. e3 Nd7 6. Be2 O-O 7. O-O f5 8.
c4 dxc4 9. Bxc4 Nf6 10. Nc3 c6 11. Qc2 g6 12. Rad1 Qe7 13. d5 cxd5 14. Nxd5
Nxd5 15. Bxd5 Be6 16. Bxe6 Qxe6 17. Rd4 Rac8 18. Qd3 Be7 19. Qb3 Qxb3 20. axb3
Rfd8 21. g3 Bf6 22. Rxd8+ Rxd8 23. Rc1 Rd7 24. Rc2 Kf8 25. Kf1 Ke7 26. Ke2 Kd8
27. Ne1 Rd6 28. Nd3 Rb6 29. b4 Be7 30. Rc4 Kd7 31. h4 Bf6 32. b3 Rc6 33. Kf3
Rxc4 34. bxc4 b6 35. b5 Kd6 36. Kf4 Bg7 37. g4 fxg4 38. Kxg4 Ke6 39. Nb4 h5+
40. Kg3 Kd6 41. Nd3 Bf6 42. e4 Be7 43. f4 Bd8 1/2-1/2

[Event "Ifjusagi csapatbajnoksag"]
[Site "Budapest"]
[Date "2015.08.27"]
[Round "3.31"]
[White "Nagybiro, Laszlo"]
[Black "Retkes, Peter"]
[Result "1-0"]
[WhiteElo "2029"]
[BlackElo "1944"]
[PlyCount "51"]
[EventDate "2015.??.??"]

1. c4 Nf6 2. d4 c5 3. d5 e6 4. Nc3 exd5 5. cxd5 d6 6. Nf3 g6 7. e4 Bg7 8. Be2
O-O 9. O-O Re8 10. Qc2 a6 11. a4 Qc7 12. h3 Nfd7 13. Nd2 f5 14. f4 Bd4+ 15. Kh1
Nf6 16. Bd3 Bxc3 17. Qxc3 Nxe4 18. Bxe4 fxe4 19. Re1 e3 20. Rxe3 Rxe3 21. Qxe3
Nd7 22. Qe7 b6 23. Ne4 Ra7 24. Qe6+ Kf8 25. f5 Kg7 26. f6+ 1-0

[Event "Ifjusagi csapatbajnoksag"]
[Site "Budapest"]
[Date "2015.08.27"]
[Round "3.32"]
[White "Czumbel, Peter"]
[Black "Varadi, Benedek"]
[Result "0-1"]
[WhiteElo "1961"]
[BlackElo "2072"]
[PlyCount "42"]
[EventDate "2015.??.??"]

1. Nf3 c5 2. g3 Nc6 3. Bg2 g6 4. O-O Bg7 5. d3 e5 6. e4 Nge7 7. Ne1 O-O 8. c3
d5 9. Qe2 Be6 10. Nc2 Qd7 11. a3 f5 12. exd5 Bxd5 13. f4 Rad8 14. Be3 exf4 15.
gxf4 b6 16. Rd1 Rfe8 17. d4 Bxg2 18. Qxg2 cxd4 19. cxd4 Nd5 20. Bc1 Re4 21. Qf2
Rde8 0-1

[Event "Ifjusagi csapatbajnoksag"]
[Site "Budapest"]
[Date "2015.08.27"]
[Round "3.33"]
[White "Werner, Anna"]
[Black "Kaloczi, Kristof"]
[Result "1/2-1/2"]
[WhiteElo "1999"]
[BlackElo "1848"]
[PlyCount "108"]
[EventDate "2015.??.??"]

1. d4 Nf6 2. c4 e6 3. Nf3 b6 4. Nc3 Bb4 5. Qc2 Bb7 6. e3 Ne4 7. Bd3 f5 8. Bd2
Bxc3 9. Bxc3 O-O 10. O-O-O d6 11. Ne1 Nd7 12. f3 Nxc3 13. Qxc3 Qe7 14. Nc2 e5
15. d5 f4 16. Rde1 Nc5 17. exf4 Rxf4 18. g3 Rf7 19. Be4 Raf8 20. f4 Re8 21. Kb1
Nxe4 22. Rxe4 Qf6 23. Rhe1 Rfe7 24. fxe5 Rxe5 25. Rxe5 Rxe5 26. Rxe5 Qxe5 27.
Qxe5 dxe5 28. Ne3 Kf8 29. Kc2 Bc8 30. Kd3 Ke7 31. b4 Kd6 32. Ke4 g6 33. c5+
bxc5 34. Nc4+ Ke7 35. bxc5 Bf5+ 36. Kxe5 Bd3 37. Ne3 a6 38. d6+ cxd6+ 39. cxd6+
Kd7 40. Nd5 h5 41. h4 Bf5 42. Nf6+ Kc6 43. d7 Kc7 44. Kf4 a5 45. Kg5 a4 46. a3
Bc2 47. g4 hxg4 48. Kxg4 Kd8 49. Kg5 Ke7 50. Ng4 Kxd7 51. Ne5+ Kd6 52. Nxg6 Bd1
53. Kf4 Kd5 54. Ke3 Kc4 1/2-1/2